Síntesis: análisis del trabajo infantil y adolescente en América Central y República Dominicana /

Bewaard in:
Bibliografische gegevens
Coauteurs: Oficina Internacional de Trabajo, Programa Internacional para la erradicación del Trabajo Infantil Programa de Información Estadística y Seguimiento en Materia de Trabajo Infantil
Formaat: Texto
Gepubliceerd in: s.l: Organización Internacional de Trabajo
Tags: Voeg label toe
Geen labels, Wees de eerste die dit record labelt!

MARC

LEADER 00000 a a2200000 04500
001 37317
003
040
090 |a 1002 O32s  
110 |a Oficina Internacional de Trabajo  
245 |a Síntesis: análisis del trabajo infantil y adolescente en América Central y República Dominicana /  |c Oficina Internacional de Trabajo  
260 |a s.l:   |b Organización Internacional de Trabajo  
300 |a 15 p.   |b il.  
710 |a Programa Internacional para la erradicación del Trabajo Infantil   |a Programa de Información Estadística y Seguimiento en Materia de Trabajo Infantil  
999 |c 5169  |d 5169